000
00306cam a22001217a 4500
008
180718b1996 xxu||||| |||| 00| 0 eng d
020
_a
185152987X
082
_a
A7:11 P539/96
245
_a
Philip's world atlas
260
_a
London
_b
Reed Consumer Books
_c
1996
300
_a
288p.
650
_a
World, Atlases
999
_c
381646
_d
381646